Economic problems of Indian agriculture / (Record no. 957)

MARC details
000 -LEADER
fixed length control field 00636nam a22002297a 4500
001 - CONTROL NUMBER
control field BD-DhSAU 957
003 - CONTROL NUMBER IDENTIFIER
control field BD-DhSAU
005 - DATE AND TIME OF LATEST TRANSACTION
control field 20150108014107.0
008 - FIXED-LENGTH DATA ELEMENTS--GENERAL INFORMATION
fixed length control field 150108b2002 ii ||||r|||| 001 0 eng d
020 ## - INTERNATIONAL STANDARD BOOK NUMBER
International Standard Book Number 8123908369
040 ## - CATALOGING SOURCE
Original cataloging agency BD-DhSAU
082 ## - DEWEY DECIMAL CLASSIFICATION NUMBER
Edition number 22
Classification number 338.154
Item number BAE
100 ## - MAIN ENTRY--PERSONAL NAME
Personal name Bansil, P.C.
245 ## - TITLE STATEMENT
Title Economic problems of Indian agriculture /
Statement of responsibility, etc. P.C. Bansil.
250 ## - EDITION STATEMENT
Edition statement 6th edition.
260 ## - PUBLICATION, DISTRIBUTION, ETC. (IMPRINT)
Place of publication, distribution, etc. New Delhi :
Name of publisher, distributor, etc. CBS Publishers & Distributors ;
Date of publication, distribution, etc. c2002.
300 ## - PHYSICAL DESCRIPTION
Extent xvi, 780 p.
Other physical details 24 cm.
504 ## - BIBLIOGRAPHY, ETC. NOTE
Bibliography, etc Includes index.
590 ## - Name of Cataloguer
Name of Cataloger joy
650 ## - SUBJECT ADDED ENTRY--TOPICAL TERM
Topical term or geographic name as entry element Economics.
650 ## - SUBJECT ADDED ENTRY--TOPICAL TERM
Topical term or geographic name as entry element Economic problems
Form subdivision Agriculture.
Geographic subdivision India.
942 ## - ADDED ENTRY ELEMENTS (KOHA)
Source of classification or shelving scheme Dewey Decimal Classification
Koha item type Book
Holdings
Withdrawn status Lost status Source of classification or shelving scheme Damaged status Not for loan Home library Branch Name Shelving location Date acquired Total Checkouts Full call number Barcode Date last seen Price effective from Koha item type
    Dewey Decimal Classification     SAU Library SAU Library General Stacks 27/08/2009   338.154 BAE 35758 08/01/2015 08/01/2015 Book
    Dewey Decimal Classification     SAU Library SAU Library General Stacks 27/08/2009   338.154 BAE 35759 08/01/2015 08/01/2015 Book
    Dewey Decimal Classification   Not For Loan SAU Library SAU Library Reference 27/08/2009   338.154 BAE 35757 20/05/2015 20/05/2015 Book
    Dewey Decimal Classification   Not For Loan SAU Library SAU Library Reference 20/05/2015   338.154 BAE 32123 20/05/2015 20/05/2015 Book